| 000 | 00625nam a22001817a 4500 | ||
|---|---|---|---|
| 003 | CEME | ||
| 005 | 20210628201741.0 | ||
| 008 | 210204b xxu||||| |||| 00| 0 eng d | ||
| 020 | _a1-58053-634-4 | ||
| 040 | _c. | ||
| 082 | _a621.384135 BAR | ||
| 100 |
_aBarbarossa, Sergio _956654 |
||
| 245 | _aMulti antenna wireless communication systems | ||
| 260 |
_aBOSTON _bARTECH HOUSE _c2005 |
||
| 300 | _aXV449P | ||
| 650 |
_aMOBILE COMMUNICATION SYSTEMS, WIRELESS COMMUNICATION SYSTEMS, ANTEMMAS (ELECTRONICS), ANTENNA ARRAYS.SISO SYSTEMS.MIMO SYSTEMS.OFDM.TDMA.OFDMA.MC-CDMA.CASE STUDY IEEE 802-11 _956655 |
||
| 942 |
_cBK _2ddc |
||
| 999 |
_c567028 _d567028 |
||